| 000 | 01125nam a2200241Ii 4500 | ||
|---|---|---|---|
| 003 | JO-AjNU | ||
| 005 | 20240113123546.0 | ||
| 008 | 230605s9999||||xx |||||||||||||| ||und|| | ||
| 017 | _a2013/11/3918 | ||
| 040 |
_aJO-AjNU _bara _erda _cJO-AjNU |
||
| 041 | _aara | ||
| 050 | 1 | 4 | _aHN656.A8.M68 2013 |
| 100 | 3 |
_aجامعة فيلادلفيا؛ تحرير وتقديم صالح خليل أبو اصبع... وآخرون, _eauthor _945980 |
|
| 245 | 0 | 0 | _aالشباب والسياسة والثورات وثقافة التغيير: أوراق مؤتمر فيلادلفيا الدلي السابع عشر: ثقافة التغيير 6-8 تشرين الثاني(نوفمبر) 2012: بحوث علمية محكمة |
| 264 | 3 | 1 | _aعمان: جامعة فيلادلفيا، 2013 |
| 300 |
_a404ص _bصور توضيحية |
||
| 336 |
_atext _btxt _2rdacontent |
||
| 337 |
_aunmediated _bn _2rdamedia |
||
| 338 |
_avolume _bnc _2rdacarrier |
||
| 490 | 0 | _aمنشورات جامعة فيلادلفيا؛ 2013 | |
| 650 | 4 |
_aالشباب - السياسة - الثورات - ثقافة التغيير - مؤتمرات _945981 |
|
| 942 |
_2lcc _cBK |
||
| 999 |
_c23539 _d23539 |
||